[Event "African Online op"]
[Site "Tornelo INT"]
[Date "2021.02.05"]
[Round "8"]
[White "Joelson, Ricardo"]
[Black "Pascoal, Eduardo A"]
[Result "1-0"]
[WhiteElo "2017"]
[BlackElo "2184"]
[PlyCount "73"]
[EventDate "2021.02.01"]
[EventType "swiss (rapid)"]
[EventRounds "9"]
[EventCountry "NET"]
[SourceTitle "CBM 200 Extra"]
[Source "ChessBase"]
[SourceDate "2021.03.31"]
[SourceVersion "1"]
[SourceVersionDate "2021.03.31"]
[SourceQuality "1"]

1. Nf3 Nf6 2. g3 b6 3. Bg2 Bb7 4. 0-0 c5 5. c4 g6 6. Nc3 Bg7 7. d4 cxd4 8. Nxd4 Bxg2 9. Kxg2 Qc8 10. b3 0-0 11. Bb2 Nc6 12. Rc1 Qb7 13. Kg1 Rac8 14. Re1 Nxd4 15. Qxd4 Ne4 16. Qxe4 Qxe4 17. Nxe4 Bxb2 18. Rc2 Bg7 19. Rd1 d6 20. Rd5 Rc6 21. e3 Rfc8 22. Kf1 h6 23. g4 a6 24. Rcd2 Rb8 25. Ke2 b5 26. c5 dxc5 27. Rxc5 Rxc5 28. Nxc5 a5 29. Rc2 Rb6 30. Nd3 f5 31. gxf5 gxf5 32. Nf4 e6 33. Rc8+ Kf7 34. Rc7+ Kf8 35. h3 a4 36. h4 axb3 37. axb3 1-0